000 00660nam a2200217 i 4500
001 180734
003 ES-MaACL
005 20230906221157.0
008 120705s1966 sp |||| | spa d
080 _a821.134.2-3"19"
080 _a398.22
100 1 _aHernández de la Torre y García, José María.
_962922
245 1 3 _aEl Caballero del Santo Grial /
_cpor José M.ª Hernández de la Torre.
260 _aBarcelona :
_bDomingo Savio,
_c[1966]
300 _a96 p. ;
_c11 cm.
490 1 _aArdilla ;
_v247
650 _aGrial-
_vLeyendas.
_9150855
830 0 _aArdilla ;
_v247
_9191326
852 _aES-MaACL
_j2312-F-7
999 _c180734
_d180734